| 000 | 00404nam a22001577a 4500 | ||
|---|---|---|---|
| 020 | _a9788126528950 | ||
| 082 |
_a630.33 _bCRA/AG |
||
| 100 |
_aCramer,Gail L. _9917 |
||
| 100 |
_aJensen,Clarence W. _9918 |
||
| 100 |
_aSouthgate,Douglas D. _9919 |
||
| 245 | _aAgricultural Economics and Agribusiness | ||
| 250 | _a8 th | ||
| 260 |
_aNew Delhi _bWiley India Pvt. Ltd _c2011 |
||
| 300 | _a519 | ||
| 942 | _cBK | ||
| 999 |
_c14526 _d14526 |
||